| 000 | 00323nam a2200121Ia 4500 | ||
|---|---|---|---|
| 008 | 230907s9999||||xx |||||||||||||| ||und|| | ||
| 082 |
_a891.4393 _bHAS |
||
| 245 | 0 | _aعبداللہ , Abdullah / | |
| 260 |
_aIlm-O-Irfan Publishers, _bLahore : _c2014 |
||
| 300 | _avol. 2, 296 p. | ||
| 650 | _aUrdu Literature. | ||
| 942 | _cBK | ||
| 999 |
_c599700 _d599700 |
||